02353nam a22003497a 4500999001700000003000900017008004100026040007100067082002300138110004900161245004600210260005600256300005000312440010400362505100300466650003501469650002901504650002101533650003301554650002901587650002701616650002201643700003701665700004201702700003301744700003401777700003701811700003501848942001201883945000801895952010001903 c21791d21791AR-CdUCM190425b ||||| |||| 00| 0 spa d aMUNICIPALIDAD PROVINCIAL DEL CUSCOcBIBLIOTECA MUNICIPAL DEL CUSCO aRev.IAAC/N°6/1952 aInstituto Americano de Arte del Cuzco943770 aRevista del Instituto Americano de Arte / aCusco :bTalleres gráficos La Económica,c1952. a272 [4] páginas. :bilustraciones ;c24 cm. aRevista del Instituto Americano de Arte Cuzco.nAño VI, [?] semestre de 1952, N°6. Vol.II946121 aContenido: Por la liberación del Coricancha. Uriel García. -- El obispo de las anécdotas. Luis Felipe Paredes. -- El templo del Sol o Qoricancha. Manuel Chávez Ballón. -- Portadas y balcones del Cusco. Julio Gutiérrez. -- Garcilaso de la Vega y su Florida del Inca. José Gabriel Cosio. -- El primer congreso internacional de peruanistas. Horacio Villanueva. -- Mariano Corvacho y su obra pictórica. Ernesto Corvacho. Ernesto Corvacho. -- El progreso musical en el Cuzco. Miguel Ángel Nieto. -- Instituto de Folklore y lengas indígenas del Cuzco. Víctor Navarro del Águila. -- Paucartambo el hermoso pueblo. Roberto La Torre. -- El kallamacho. Lizandro Luna. -- Tradiciones e indigenismo en busca de una expresión del Cuzco. Emilio Mendizabal. -- Notas sobre el estilo colonial y la reconstrucción del Cuzco. Mario Escobar Moscoso. -- El léxico en la especulación Filosófica. Fernando Manrique. -- Ideas para una teoría de la literatura. Gustavo Pérez Ocampo... aTradiciones cusqueñas931110 aFiestas populares934730 aFolcklore946108 aLiteratura cusqueña946110 aPoetas cusqueños95956 aArte cusqueño913165 aQorikancha930993 aGutiérrez Loayza, Julio946116 aNavarro del Águila, Víctor932360 aUriel García, Uriel946122 aEscobar Moscoso, Mario931091 aChávez Ballón, Manuel945977 aPérez Ocampo, Gustavo946123 2ddccPP arac 002ddc4070aHEMbHEMcCARTd2021-07-30g10.00oRev.IAAC/N°6/1952pREVC000232r2021-07-30yPP